Science Quiz

Random Science or Animal Quiz
Score 0/18 Timer 06:00
15 Plays Today
% Correct
It's a Tyrannosaurus
93.9%
It's a Triceratops
92%
It's a Stegosaurus
91.7%
It's a Pteranodon
90.4%
It's a Brachiosaurus
84.1%
It's a Spinosaurus
77.3%
It's an Archaeopteryx
73.6%
It's an Oviraptor
72.7%
It's a Pachycephalosaurus
72.5%
% Correct
It's a Dilophosaurus
72.1%
It's a Parasaurolophus
71.5%
It's an Allosaurus
70.3%
It's an Iguanodon
68.3%
It's an Ankylosaurus
65.7%
It's an Elasmosaurus
60.9%
It's a Liopleurodon
57.6%
It's a Velociraptor
51%
It's a Troodon
27.5%
Remove Ads.
Support Sporcle.
Get the best of Sporcle when you Go Orange. This ad-free experience offers more features, more stats, and more fun while also helping to support Sporcle. Thank you for becoming a member.

You're not logged in!

Compare scores with friends on all Sporcle quizzes.
OR
Log In

Show Comments

Extras

Top Quizzes Today


Score Distribution

Your Account Isn't Verified!

In order to create a playlist on Sporcle, you need to verify the email address you used during registration. Go to your Sporcle Settings to finish the process.

Report this User

Report this user for behavior that violates our Community Guidelines.

Details: